Evaluation of the trade and investment access facility (Record no. 691607)

MARC details
000 -LEADER
fixed length control field 00731nam a2200253Ia 4500
003 - CONTROL NUMBER IDENTIFIER
control field OSt
005 - DATE AND TIME OF LATEST TRANSACTION
control field 20220927105258.0
008 - FIXED-LENGTH DATA ELEMENTS--GENERAL INFORMATION
fixed length control field 220926b |||||||| |||| 00| 0 eng d
037 ## - SOURCE OF ACQUISITION
Terms of availability Reference Collections
040 ## - CATALOGING SOURCE
Original cataloging agency RTL
Transcribing agency RTL
Language of cataloging eng
041 ## - LANGUAGE CODE
Source of code eng
Language code of text/sound track or separate title eng
110 ## - MAIN ENTRY--CORPORATE NAME
Corporate name or jurisdiction name as entry element COMMONWEALTH SECRETARIAT
9 (RLIN) 371408
245 #0 - TITLE STATEMENT
Title Evaluation of the trade and investment access facility
260 ## - PUBLICATION, DISTRIBUTION, ETC.
Place of publication, distribution, etc. London
Name of publisher, distributor, etc. Commonwealth Secretariat
Date of publication, distribution, etc. 2001
300 ## - PHYSICAL DESCRIPTION
Extent "x, 87p"
Dimensions cm.
490 ## - SERIES STATEMENT
Series statement Evaluation Study No. 68
700 ## - ADDED ENTRY--PERSONAL NAME
Personal name COMMONWEALTH SECRETARIAT
9 (RLIN) 371409
942 ## - ADDED ENTRY ELEMENTS (KOHA)
Classification part "X:54, P1"
Koha item type
Holdings
Withdrawn status Lost status Damaged status Not for loan Home library Current library Date acquired Total Checkouts Full call number Barcode Date last seen Price effective from Koha item type
        Ratan Tata Library Ratan Tata Library 2022-09-27   "X:54 P1" RT1328467 2022-09-27 2022-09-27  
Copyright @ Delhi University Library System